Большая советская энциклопедия (Запис номер 61864)
[ съкратено ]
| 000 -Лидер | |
|---|---|
| Контролно поле с фиксирана дължина | 01309nam a2200289 c 4500 |
| 003 - Код на организацията, давaща контролен номер | |
| Контролно поле | BLK |
| 005 - Дата и час на последна редакция | |
| Контролно поле | 20210205142258.0 |
| 008 - Елементи от данни с фиксирана дължина | |
| fixed length control field | 180408b bul|||||r ||||||| ||bul|| |
| 010 ## - Наследен системен номер | |
| LC control number | KNG00066072000 |
| 040 ## - Източник на каталожния запис | |
| Идентификатор на билиотеката - собственик на записа | BLK |
| 041 ## - Код за език | |
| Код за езика на текст/звукозапис или на отделно заглавие | Руски |
| Код за езика КДБФ | Руски |
| 080 ## - УДК | |
| Текстов определител УДК | Общи енциклопедии. Енциклопедични речници. Научни справочници. Отраслови енциклопедии и справочници се класират в съответните отдели с определител за форма |
| УДК код - определител по УДК | 03 |
| УДК - код + определител | 03 |
| 139 ## - Редно поле | |
| Редна дума | Большая советская энциклопедия |
| Авторски знак | Бол - Б 61 |
| 245 10 - Сведения за заглавието | |
| Заглавие | Большая советская энциклопедия |
| Подзаглавни данни | Т. 1 - |
| Редно поле (дума) | ред. Александр Михайлович Прохоров. |
| Том | Т. 21 |
| Заглавие на том | Проба - Ременсы |
| 250 ## - Област на изданието | |
| Сведения за изданието | 3. изд. |
| 257 ## - Страна на издаване | |
| Страна на създаване/издаване | Русия |
| 260 ## - Област на издателските данни | |
| Име на издателя, разпространителя и проч. | Сов. энциклопедия |
| Година на издаване | 1970 - |
| Място на издаване, разпространение и проч. | Москва |
| 300 ## - Физическа характеристика | |
| Размери/Мащаб | 30 см |
| 380 ## - Жанр | |
| Жанр | Общ отдел |
| 700 1# - Други автори (авторска отговорност) | |
| Лично име | Прохоров, Александр Михайлович |
| Автороска отговорност (Описва отношението между автора и произведението) | ред. |
| 9 (RLIN) | 369693 |
| 760 1# - Описание на основната серия | |
| Издание | 3. изд. |
| Място на издаване, издател и година | 1975 |
| Страници - том | 639 с. |
| Заглавие | Т. 21 Проба - Ременсы |
| 852 ## - Местоположение | |
| Форматна сигнатура | Цб ІІ 3858 |
| 856 4# - Електронен адрес и достъп | |
| Електронен формат | pdf - файл |
| 856 4# - Електронен адрес и достъп | |
| Електронен формат | pdf - файл |
| 999 ## - СИСТЕМНИ КОНТРОЛНИ НОМЕРА | |
| Koha biblionumber | 61864 |
| Koha biblioitemnumber | 61864 |
| 942 ## - АРТИКУЛИ | |
| Вид на библиотечния материал | Книги |
| Скрит в OPAC | Не |
| Периодичен библиозапис | Да |
| 944 ## - СЪЗДАВАНЕ И РЕДАКЦИЯ на ЗАПИСА | |
| Създаване/Редакция | Създаване |
| Дата на регистрацията/редакция | 13.06.2004 |
| Служител, извършил регистрацията/редакцията | Геновева_Генчева |
| 944 ## - СЪЗДАВАНЕ И РЕДАКЦИЯ на ЗАПИСА | |
| Създаване/Редакция | Редакция |
| Дата на регистрацията/редакция | 11.09.2008 |
| 999 ## - СИСТЕМНИ КОНТРОЛНИ НОМЕРА | |
| Koha biblioitemnumber | 61864 |
| Код за отписване | Код за изгубен артикул | Източник на класификационната схема | Код за повреда | Коз за рестрикции | Код за отдаване | Артикулен № | Име на библиотеката - собственик | Име на библиотеката, в която се намира в момента | Статус (Текущо местоположение) | Дата на вписване в системата | Местоположение - отдел | Цена в лева | Инвентарен номер | Систематично азбучна сигнатура | Баркод | Номер на екземпляра | Цена в евро | Служебна бележка | Служебен тип на артикула |
|---|---|---|---|---|---|---|---|---|---|---|---|---|---|---|---|---|---|---|---|
| Изтеглен | Не е изгубен | Universal Decimal Classification | Не е повреден | без рестрикции | ползва се в читалня | 102821 | Регионална библиотека "Любен Каравелов" Русе | Регионална библиотека "Любен Каравелов" Русе | Заемна - справочен фонд | 1975-01-01 | Заемна - справочен фонд | 4.40 | 195747 | СП 03/Б 61 | 195747 | 1 | 2.25 | Дост: Pk Вид: Ф N: стар фонд Дата: 01.01.1975 Дата инв: 16.02.2018 Бележки инв: СП2018 | Книги |
| Не е изгубен | Universal Decimal Classification | Не е повреден | без рестрикции | ползва се в читалня | 102822 | Регионална библиотека "Любен Каравелов" Русе | Регионална библиотека "Любен Каравелов" Русе | Основен фонд - ползва се само за читалня | 1975-01-01 | Хранилище | 4.40 | 195748 | Цб ІІ 3858 | 120000195748 | 2 | 2.25 | Дост: Pk Вид: Ф N: стар фонд Дата: 01.01.1975 Дата инв: 29.03.2017 Бележки инв: СЧ2017 | Книги | |
| Изтеглен | Не е изгубен | Universal Decimal Classification | Не е повреден | без рестрикции | ползва се в читалня | 102823 | Регионална библиотека "Любен Каравелов" Русе | Регионална библиотека "Любен Каравелов" Русе | СБИД | 1975-01-01 | СБИД | 4.40 | 195749 | С 03/Б 61 | 195749 | 3 | 2.25 | Дост: Pk Вид: Ф N: стар фонд Дата: 01.01.1975 Дата инв: 09.06.2017 Бележки инв: С2017 | Книги |
| Изтеглен | Не е изгубен | Не е повреден | без рестрикции | ползва се в читалня | 102824 | Регионална библиотека "Любен Каравелов" Русе | Регионална библиотека "Любен Каравелов" Русе | Обработка | 1975-01-01 | Основен фонд - ползва се само за читалня | 0.00 | 195751 | Цб ІІ 3858 | 195751 | 4 | 0.00 | Дост: Pk Вид: Ф N: стар фонд Дата: 01.01.1975 | Книги |